书目信息 |
| 题名: |
理解与重构
|
|
| 作者: | 裴德海 著 | |
| 分册: | ||
| 出版信息: | 合肥 安徽教育出版社 2008 |
|
| 页数: | 229页 | |
| 开本: | 23cm | |
| 丛书名: | ||
| 单 册: | ||
| 中图分类: | B82-061 | |
| 科图分类: | ||
| 主题词: | 社会主义--人道主义--研究 , 社会主义 , 人道主义 | |
| 电子资源: | ||
| ISBN: | 978-7-5336-5175-6 | |
| 000 | 00908nam0 2200253 45 | |
| 005 | 20100301112747.29 | |
| 010 | @a978-7-5336-5175-6@dCNY26.00 | |
| 100 | @a20100120d2008 em y0chiy0120 ea | |
| 101 | 0 | @achi |
| 102 | @aCN@b340000 | |
| 105 | @ay z 000yy | |
| 106 | @ar | |
| 200 | 1 | @a理解与重构@ALi Jie Yu Zhong Gou@e社会主义人道主义路径依赖@EShe Hui Zhu Yi Ren Dao Zhu Yi Lu Jing Yi Lai@f裴德海著@FPei De Hai Zhu |
| 210 | @a合肥@c安徽教育出版社@d2008 | |
| 215 | @a229页@d23cm | |
| 330 | @a本书内容包括:社会主义人道主义的历史生成、社会主义人道主义的本质特征、社会主义人道主义的制度设定等。 | |
| 517 | 1 | @a社会主义人道主义路径依赖@AShe Hui Zhu Yi Ren Dao Zhu Yi Lu Jing Yi Lai |
| 606 | 0 | @a社会主义@x人道主义@x研究 |
| 606 | 0 | @a社会主义 |
| 606 | 0 | @a人道主义 |
| 690 | @aB82-061@v4 | |
| 701 | 0 | @a裴德海@APei De Hai@4著 |
| 801 | 0 | @aCN@bTANGWEI@c20100301 |
| 905 | @b0584615-19@dB82-061@e380@f5 | |
| 理解与重构:社会主义人道主义路径依赖/裴德海著.-合肥:安徽教育出版社,2008 |
| 229页;23cm |
| ISBN 978-7-5336-5175-6:CNY26.00 |
| 本书内容包括:社会主义人道主义的历史生成、社会主义人道主义的本质特征、社会主义人道主义的制度设定等。 |
| ● |
| 相关链接 |
|
|
|
|
正题名:理解与重构
索取号:B82-061/380
 
预约/预借
| 序号 | 登录号 | 条形码 | 馆藏地/架位号 | 状态 | 备注 |
| 1 | 0584615 | 205846156 | 第一样本阅览室/ [索取号:B82-061/380] | 在馆 | |
| 2 | 0584616 | 205846165 | 第一借阅区/ [索取号:B82-061/380] | 在馆 | |
| 3 | 0584617 | 205846174 | 第一借阅区/ [索取号:B82-061/380] | 在馆 | |
| 4 | 0584618 | 205846183 | 第一借阅区/ [索取号:B82-061/380] | 在馆 | |
| 5 | 0584619 | 205846192 | 第一借阅区/ [索取号:B82-061/380] | 在馆 |